Church of Scotland Foreign Missions Committee minutes. Vols. 23-25,

Bibliographic Details
Corporate Author: Adam Matthew Digital (Firm) (digitiser.)
Format: eBook
Language:English
Published: [Place of publication not identified] : [publisher not identified], 1954.
Series:AM Scholar: Missionary Studies.
Subjects:
Online Access:Connect to the full text of this electronic book

MARC

Tag First Indicator Second Indicator Subfields
LEADER 00000cam a2200000Mi 4500
001 in00005479215
006 m o d
007 cr |||||||||||
008 190522s1954 xx fo 001 0 eng d
005 20240917160336.0
035 |a (OCoLC)on1149273570 
040 |a UKAMD  |b eng  |e rda  |e pn  |c UKAMD  |d OCLCF  |d OCLCO 
035 |a (OCoLC)1149273570 
050 4 |a BV2570.A2 
082 0 4 |a 266.5233  |2 23 
049 |a TXAM 
245 0 0 |a Church of Scotland Foreign Missions Committee minutes.  |n Vols. 23-25,  |f May 1951-Apr 1954. 
264 1 |a [Place of publication not identified] :  |b [publisher not identified],  |c 1954. 
300 |a 1 online resource (1 volume (various pagings)). 
336 |a text  |b txt  |2 rdacontent 
337 |a computer  |b c  |2 rdamedia 
338 |a online resource  |b cr  |2 rdacarrier 
490 1 |a AM Scholar: Missionary Studies. 
500 |a Includes index. 
500 |a "Collection: Scottish Missionary Archives"--Home page. 
500 |a "Original microfilm part: Part 1: Church of Scotland Foreign Missions Committee Minutes, 1929-1964"-Home page. 
500 |a "Original microfilm reel: 8"--Home page. 
500 |a Multiple issues bound into a single volume. 
521 |a Specialized. 
535 1 |a Centre for the Study of World Christianity, New College, University of Edinburgh 
542 |f Centre for the Study of World Christianity, New College, University of Edinburgh. 
588 |a Description based on online resource; title from home page (viewed on May 22, 2019). 
610 2 0 |a Church of Scotland.  |b Foreign Mission Committee. 
610 2 7 |a Church of Scotland.  |b Foreign Mission Committee  |2 fast 
650 0 |a Missions, Scottish. 
650 6 |a Missions écossaises. 
650 7 |a Missions, Scottish  |2 fast 
655 7 |a Electronic books.  |2 local 
710 2 |a Adam Matthew Digital (Firm),  |e digitiser. 
830 0 |a AM Scholar: Missionary Studies. 
856 4 0 |u http://proxy.library.tamu.edu/login?url=https://www.amscholar.amdigital.co.uk/Documents/Details/SMA_Part1_Reel8_Vol1  |z Connect to the full text of this electronic book  |t 0 
955 |a Adam Matthew Scholar Missionary Studies 
994 |a 92  |b TXA 
999 f f |s 0c86bddf-ef1a-4919-87ed-d17af0ab087a  |i fa2e2782-0a99-4012-926f-73e029a13445  |t 0 
952 f f |a Texas A&M University  |b College Station  |c Electronic Resources  |d Available Online  |t 0  |e BV2570.A2   |h Library of Congress classification 
998 f f |a BV2570.A2   |t 0  |l Available Online